The hidden persuaders

Guardado en:
Detalles Bibliográficos
Autor principal: Packard, Vance Oakley (Autor)
Formato: Libro
Lenguaje:inglés
Publicado: Nueva York Cardinal 1958
Materias:
Etiquetas: Agregar Etiqueta
Sin Etiquetas, Sea el primero en etiquetar este registro!

MARC

LEADER 00000nam a2200000 a 4500
001 UCZ5430
003 CL-VaPUC
008 951117e19580000US |||||||||||||||||eng|d
082 0 4 |a 303.342  |b PAC  |2 21 
100 0 |a Packard, Vance Oakley  |e author  |9 349412 
245 1 4 |a The hidden persuaders 
300 |a 242 p 
942 |c BK 
945 |d 19951117 00:00:00  |a lriquelm 
260 |a Nueva York  |b Cardinal  |c 1958 
650 7 |a PERSUASION  |2 CL-VaPUC  |9 333321 
650 7 |a COMUNICACION DE MASAS  |2 CL-VaPUC  |9 334823 
650 0 |a Medios de comunicación  |9 257206 
650 0 |a Consumidores  |9 315658 
650 0 |a Ética  |9 255099 
650 0 |a Psicología aplicada   |9 270762 
583 |a last modification  |c 19951117 00:00:00  |k Rodrigo Vera 
999 |c 241748  |d 241746 
952 |0 0  |1 0  |4 0  |6 303_342000000000000_PAC_1958  |7 0  |8 P  |9 254198  |a BIBEDU  |b BIBEDU  |c BIBEDU_PB  |d 2019-11-19  |i 1575708  |o 303.342 PAC 1958  |p 1575708  |r 2019-11-19  |w 2019-11-19  |y BK  |k FIL